书目信息 |
| 题名: |
逻辑趣话与应用
|
|
| 作者: | 苏越 , 郝卯亮 著 | |
| 分册: | ||
| 出版信息: | 北京 中国人民大学出版社 1992.3 |
|
| 页数: | 200页 | |
| 开本: | 20cm | |
| 丛书名: | 逻辑应用新视野丛书 | |
| 单 册: | ||
| 中图分类: | B812-49 | |
| 科图分类: | ||
| 主题词: | 逻辑--通俗读物 | |
| 电子资源: | ||
| ISBN: | 7-300-01272-8 | |
| 000 | 00854nam2 2200277 45 | |
| 001 | 1561811914 | |
| 005 | 20150130171041.07 | |
| 010 | @a7-300-01272-8@dCNY3.50 | |
| 092 | @a社科293-011 | |
| 100 | @a19930128d1992 em y0chiy0121 ea | |
| 101 | 0 | @achi |
| 102 | @aCN@b110000 | |
| 105 | @ay z 000zy | |
| 200 | 10 | @a逻辑趣话与应用@ALUO JI QU HUA YU YING YONG@f苏 越,郝卯亮著@FSU YUE , HAO MAO LIANG ZHU |
| 210 | @a北京@c中国人民大学出版社@d1992.3 | |
| 215 | @a200页@d20cm | |
| 225 | 2 | @a逻辑应用新视野丛书@f苏 越主编 |
| 330 | @a本书通过有趣的故事、典故、案例等,进行分析,讲解逻辑知识。 | |
| 410 | 0 | @120010@a逻辑应用新视野丛书 |
| 540 | 1 | @a趣话@AQU HUA |
| 606 | @a逻辑@x通俗读物 | |
| 690 | @aB812-49@v三版 | |
| 701 | 0 | @a苏越@ASU YUE@4著 |
| 701 | 0 | @a郝卯亮@AHAO MAO LIANG@4著 |
| 801 | 0 | @aCN@bTSSF@c20150130 |
| 905 | @aZUCC@dB812-49@eJY1 | |
| 逻辑趣话与应用/苏 越,郝卯亮著.-北京:中国人民大学出版社,1992.3 |
| 200页;20cm.-(逻辑应用新视野丛书/苏 越主编) |
| ISBN 7-300-01272-8:CNY3.50 |
| 本书通过有趣的故事、典故、案例等,进行分析,讲解逻辑知识。 |
| ● |
| 相关链接 |
|
|
|
|
正题名:逻辑趣话与应用
索取号:B812-49/JY1
 
预约/预借
| 序号 | 登录号 | 条形码 | 馆藏地/架位号 | 状态 | 备注 |
| 1 | 7847022 | 278470227 | 学院路分馆/ [索取号:B812-49/JY1] | 在馆 |